000 00458nam a2200157 4500
001 116693
003 ES-MaACL
005 20230906190742.0
007 t|
008 061121s1907 it r ||||1| ita d
100 1 _aPascal, Carlo.
_989310
245 1 0 _aPoesía latina medieval
_b: saggi e note critiche /
_cCarlo Pascal.
260 _aCatania :
_b[s.n.],
_c1907 (
_fTip. Monaco e Mollica)
300 _aVIII, 184 p. ;
_c19 cm.
852 _aES-MaACL
_jA-5248
999 _c116693
_d116693